000 00515nam a2200169Ia 4500
999 _c21646
_d21646
003 OSt
005 20200703131958.0
008 190216s9999||||xx |||||||||||||| ||und||
020 _a9781405121873
040 _coclc
082 _a940.28
_bLIN/H
100 _aLindemann, Albert S
_93518
245 2 _aA History Of Modern Europe From 1815 to the Present /
_cAlbert S Lindemann
260 _bWiley-Blackwell,
_c2013.
_aUSA:
300 _a437p
942 _cBK
_2ddc
_h940.28
_iLIN/H
_k940.28
_mLIN/H